000 00454nam a2200145Ia 4500
008 100122s9999 xx 000 0 und d
082 _b53641
_a823.08
100 _aसाने शुभदा
245 _aमनातली गोष्ट
260 _bसानिया पब्लिकेशन्स
_c1997
300 _a149
630 _aमनातली गोष्ट
730 _aमनातली गोष्ट
942 _cBOOK
999 _c430647
_d430644